[Event "Hessen-ch U17 Open"]
[Site "Bad Homburg"]
[Date "2013.03.25"]
[Round "1"]
[White "Lehrer, Simon"]
[Black "Henne, Lukas Felix"]
[Result "1-0"]
[WhiteElo "1122"]
[BlackElo "833"]
[PlyCount "75"]
[EventDate "2013.03.??"]
[EventType "swiss"]
[EventRounds "7"]
[EventCountry "GER"]
[SourceTitle "EXT 2014"]
[Source "ChessBase"]
[SourceDate "2013.11.20"]
[SourceVersion "1"]
[SourceVersionDate "2013.11.20"]
[SourceQuality "1"]

1. e4 Nc6 2. Nf3 e5 3. Bc4 Nf6 4. Ng5 d5 5. exd5 Nxd5 6. Nxf7 Kxf7 7. Qf3+ Ke6 8. Nc3 Ncb4 9. 0-0 c6 10. Bb3 Bd6 11. a3 Na6 12. Nxd5 cxd5 13. Bxd5+ Kd7 14. Qg4+ Kc7 15. Qxg7+ Bd7 16. d3 Qf8 17. Qxf8 Rhxf8 18. Bh6 Rf6 19. Bd2 Rg6 20. g3 Be6 21. Be4 Rg7 22. f4 Bh3 23. Rf3 Bg4 24. Rff1 Be2 25. Rfe1 Bg4 26. fxe5 Bxe5 27. Ba5+ Kd7 28. Bxb7 Bd4+ 29. Kg2 Rf8 30. Bxa6 Rf2+ 31. Kh1 Bf3+ 32. Kg1 Bg2 33. Bb5+ Kd6 34. Bb4+ Kd5 35. Bc4+ Kc6 36. Re6+ Kd7 37. Rd6+ Ke7 38. Rxd4+ 1-0